00578cam a22002291 4500001001300000003000400013005001700017008004100034010001700075025001900092035002000111040002100131042001200152050002100164100003000185245003600215260001200251300004200263500001300305500001300318999001700331sa 67006481 DLC20260227112407.0940727s1967 ii 000 1 urdo  asa 67006481  aPL480:I-U-1793 a(OCoLC)30838325 aDLCcCUdCUdDLC apremarc00aPK2200.H342bK521 aHamid, Abdul,d1928-2011.10aK̲h̲ushbū kā k̲h̲vāb. c[1967?] a224 p. (p. 224 advertisement)c16 cm. aIn Urdu. aA novel. c75984d75984